Quizzes
Events
Quiz Creation
Community
Videos
Private Events
Remove Ads
Sign In
Join for FREE
Feedback
Dark Mode
Quiz Categories
Sports
Geography
Music
Movies
Television
Just For Fun
Miscellaneous
History
Literature
Language
Science
Gaming
Entertainment
Religion
Holiday
For Kids
Quiz Lab
Recent
Popular Today
Quiz Kudos Today
Editor Picks
Curator Picks
Quizzes by...
Day
Popularity
Type
Ratings
Length
Year
Community
Subscriptions
Recent Discussions
Orange Saloon
Badges
Playlists
Quests
Create
Leaderboards
Showdown
Live 5
Trivia Bingo
Activity
Puzzle Library
Sporcle Events
Private Events
Virtual Trivia
Globe League
Become a Host
Pub Owners
SporcleCon
Opinionation
Our Games
Videos
Blog
Mobile Apps
Partnerships
Remove Ads and Go Orange
Feedback
Music
Pop Music
The Beatles
Song
Album
Lyrics
Bands
Singers
Artist
Clip
Rock
Rap
Classical
Billboard
Country Music
Kpop
Taylor Swift
Music
Pop Music
The Beatles
Song
Album
Lyrics
Bands
Singers
Artist
Clip
Rock
Rap
Classical
Billboard
Country Music
Kpop
Taylor Swift
Random Quiz
Search Sporcle
×
Quiz Lab
Quiz Lab
Music
les
Type in answers that appear in a list
Type in answers that appear in a list
Classic
Best Score? Go Orange.
Chanson 8 Stats
Pouvez-vous retrouver les paroles de cette chanson de Dorothée (sans aucun indice)? - volume 8
By
TheWolf94
6m
299 Questions
20 Plays
20 Plays
20 Plays
Comments
Comments
Give Quiz Kudos
Give Quiz Kudos
-
- Ratings
hide this ad
Replay
Link that replays current quiz
Next Quiz
Link to next quiz in quiz playlist
You Got
0%
They Got
Avg Score
66%
Avg Friend Score
Upgrade to see
Score Distribution
Jump to the score distribution portion of the page
Score
0/299
Timer
06:00
0
Plays Today
Paroles
% Correct
je
100%
suis
100%
Qu'
100%
il
100%
la
100%
Je
100%
la
100%
Je
100%
le
100%
Je
100%
Je
100%
je
100%
Je
100%
je
100%
je
100%
suis
100%
Qu'
100%
il
100%
je
100%
la
100%
Je
100%
le
100%
Je
100%
Je
100%
je
100%
Je
100%
je
100%
je
100%
suis
100%
je
100%
Je
100%
la
100%
Je
100%
le
100%
Je
100%
Je
100%
je
100%
Je
100%
je
100%
Je
100%
Je
100%
je
100%
Je
100%
je
100%
je
100%
suis
100%
pour
95%
ma
95%
pour
95%
est
90%
de
90%
les
90%
de
90%
est
90%
est
90%
les
90%
les
90%
de
90%
de
90%
est
90%
est
90%
les
90%
les
90%
de
90%
est
90%
est
90%
nous
85%
par
85%
en
85%
par
85%
en
85%
par
85%
en
85%
C'
80%
fille
80%
me
80%
un
80%
qui
80%
qui
80%
me
80%
C'
80%
fille
80%
me
80%
un
80%
que
80%
Qui
80%
qui
80%
me
80%
C'
80%
fille
80%
Que
80%
que
80%
qui
80%
me
80%
qui
80%
me
80%
fille
80%
pas
75%
une
75%
faut
75%
Paroles
% Correct
Mon
75%
pas
75%
aime
75%
pas
75%
une
75%
faut
75%
dans
75%
Mon
75%
pas
75%
aime
75%
pas
75%
une
75%
aime
75%
une
75%
Mon
75%
pas
75%
aime
75%
pas
75%
aime
75%
une
75%
l'
70%
comme
70%
chanter
70%
Et
70%
Ne
70%
L'
70%
l'
70%
Et
70%
Et
70%
vous
70%
chanter
70%
Et
70%
Ne
70%
L'
70%
l'
70%
Et
70%
comme
70%
comme
70%
chanter
70%
Et
70%
Ne
70%
L'
70%
l'
70%
Et
70%
Ne
70%
L'
70%
l'
70%
Et
70%
prendre
65%
m'
65%
prendre
65%
m'
65%
m'
65%
m'
65%
j'
60%
tout
60%
j'
60%
j'
60%
j'
60%
Tout
60%
sais
55%
famille
55%
garçons
55%
hurler
55%
D'
55%
fait
55%
sais
55%
hurler
55%
Dorothée
55%
bougez
55%
arrive
55%
Dorothée
55%
Dorothée
55%
Dorothée
55%
suive
55%
cours
55%
vole
55%
rock
55%
p'tit
55%
garçons
55%
sais
55%
hurler
55%
Dorothée
55%
bougez
55%
arrive
55%
Dorothée
55%
Dorothée
55%
Dorothée
55%
suive
55%
cours
55%
vole
55%
rock
55%
n'
55%
garçons
55%
sais
55%
hurler
55%
Dorothée
55%
bougez
55%
arrive
55%
Dorothée
55%
Paroles
% Correct
Dorothée
55%
Dorothée
55%
suive
55%
cours
55%
vole
55%
rock
55%
Dorothée
55%
bougez
55%
arrive
55%
Dorothée
55%
Dorothée
55%
Dorothée
55%
suive
55%
cours
55%
vole
55%
rock
55%
idiote
50%
passion
50%
crier
50%
danser
50%
emportée
50%
tempo
50%
corps
50%
balance
50%
bas
50%
haut
50%
ambiance
50%
explosive
50%
offensive
50%
roll
50%
gentil
50%
crier
50%
danser
50%
emportée
50%
tempo
50%
corps
50%
balance
50%
bas
50%
haut
50%
ambiance
50%
explosive
50%
offensive
50%
roll
50%
crier
50%
danser
50%
emportée
50%
tempo
50%
corps
50%
balance
50%
bas
50%
haut
50%
ambiance
50%
explosive
50%
offensive
50%
roll
50%
ambiance
50%
explosive
50%
offensive
50%
roll
50%
rythme
45%
parce que
45%
perdre
45%
raison
45%
à
45%
parce que
45%
à
45%
parce que
45%
Quand
45%
à
45%
à
45%
parce que
45%
fou
40%
passe
40%
Wo oh wo oh
40%
machin
40%
passe
40%
Wo oh wo oh
40%
ces
40%
passe
40%
Wo oh wo oh
40%
passe
40%
Wo oh wo oh
40%
ça
40%
toutes
35%
mieux
30%
sens
30%
tête
30%
p'tites
30%
mélodies
30%
sens
30%
explosion
30%
chansons
25%
jolies
25%
musique
25%
donnent
20%
plein
20%
émotions
20%
résonne
20%
frissons
15%
Quiz Playlist
Details
Report
Send in Message
Add To Playlist
Classic:
Type in answers that appear in a list
Last Updated: Feb 16, 2017
Quiz Scoreboard
CHALLENGE
Sign Up to Join the Scoreboard
Show All
Scores
Hide
Comments
May contain spoilers
Recently Published
9x9 Crossword: Cartoon Network
by jackfrog10
Miscellaneous
3m
College Basketball Coaching Resumes
by pancakes188
Sports
9m
Billboard Blitz: Fleetwood Mac
by CooCooCachoo
Music
15s
More to Explore
Quiz From the Vault
Featured Blog Post
Where Did the Easter Bunny Come From?
hide this ad
You Might Also Like...
Tags
chanson
les
parole
san
Volume
Today's Top Quizzes in Music
Browse Music
hide this ad
Today's Top Quizzes in les
Browse les
Top Contributed Quizzes in Music
1
Taylor Swift All Songs (2024)
2
Guess the Artist- 70s Songs
3
7-to-1: Billboard Hot 100 #1 Hits of 2010s
4
Sorting Albums and Songs
5
Taylor Swift Logic Puzzle
6
KPOP LOGIC QUIZ
7
Guess the Taylor Swift song (Mystery Song)
8
Guess The Taylor Swift Lyrics Song #1
9
Billboard Blitz: ABBA
10
One Thing in Common: Music
Explore More
Trending Topics
Marvel
Anime
Crossword
Disney
Kpop
Harry Potter
NBA
Puzzle
Pokémon
WWE
NFL
Country
Soccer
The Office
Song
hide this ad
More By:
TheWolf94
Quiz
Plays
Rating
Category
Featured
Created
dorothéeClub
141
Music
Feb 19, 2014
dorothée
110
Music
Feb 19, 2014
les singles de Dorothée?
66
Music
Feb 17, 2014
chanson dorothée
66
4.00
Music
Feb 22, 2014
chanson do 2
54
4.00
Music
Feb 23, 2014
Go to Creator's Profile
Score Distribution
Quiz Creator Spotlight
TheWolf94
Follow
Send a Message
Quizzes Created
-
Created Quiz Play Count
-
More By This Creator
Popular Quizzes Today
1
Find the US States - No Outlines Minefield
2
Find the Countries of Europe - No Outlines Minefield
3
The Countries of the World
4
Find the US States
5
Risky Map Clicking: Biggest States A-Z
6
US States
7
Popular People in 1961
8
Movies - When Are They Set?
More Music Quizzes
Rock and Roll Venn Diagram
Curator's Pick
Trending Quizzes
Risky Map Clicking: Least Populous States A-Z
1-10 Letter G Words
1-10 Letter F Words
Risky Map Clicking: Next State Alphabetically
Adjectives in 80s TV Shows
Recently Updated
Leaping Animals
pecheneg
Reality TV Shows (A-Z)
bhenderson79
Rickey Henderson's Hall of Fame Teammates
pecheneg
Champions League XIs: Arsenal
pecheneg
Quick Pick: Celebrities in WWE's Hall of Fame
aduchscher
A-Z Keypad Blitz II
pecheneg
Multiple Oscar Actors
pecheneg
Mystery Phrase Blitz: Oscar 'Best Actors'
pecheneg
F. Scott Fitzgerald Novels
LTH
Pick 3 Villains
ddd62291
Trending Topics
Crossword
Harry Potter
Kpop
Marvel
Anime
Disney
NBA
The Office
Country
Pokémon
NFL
Song
WWE
Soccer
Puzzle
Your Account Isn't Verified!
In order to create a playlist on Sporcle, you need to verify the email address you used during registration. Go to your
Sporcle Settings
to finish the process.
Report this User
Report this user for behavior that violates our
Community Guidelines
.
Details:
Send Report
Go to the Sporcle.com Mobile Site →
Comments